000 00240nam a2200097Ia 4500
001 1045140
005 20250826232153.0
008 250824s9999 xx 000 0 und d
245 0 _aAY TERAPİSİ
_cMUSTAFA ULUSOY
260 _bKETEBE YAYINLARI
999 _c1045140
_d1045140